00354 a2200121 4500001000900000005001700009008004100026245003600067100002100103700003200124773005900156999001700215ART_681620260410161827.0260409a 10aSistema de indicadores sociales1 aGentile, Natacha1 aLabrunée, María Eugenia0 tFACESg- Año 16, Nº 34/35 (ene./dic. 2010)wREV5046 c22836d22836